The yam : (Record no. 18739)

000 -LEADER
fixed length control field 00591nam a2200181 a 4500
020 ## - INTERNATIONAL STANDARD BOOK NUMBER
ISBN 0333574567
040 ## - CATALOGING SOURCE
Transcribing agency Uk
041 1# - LANGUAGE CODE
Language code of original and/or intermediate translations of text fre
082 00 - DEWEY DECIMAL CLASSIFICATION NUMBER
Classification number 641 PUB 1993 C152 Or.
100 1# - MAIN ENTRY--AUTHOR NAME
Personal name Degras, Lucien.
245 14 - TITLE STATEMENT
Title The yam :
Remainder of title a tropical root crop /
260 ## - PUBLICATION, DISTRIBUTION, ETC. (IMPRINT)
Place of publication London and Basingstoke :
Name of publisher Macmillan ;
Place of publication Wageningen, Netherlands :
Name of publisher Published in co-operation with the Technical Centre for Agricultural and Rural Co-operation,
Year of publication c1993.
300 ## - PHYSICAL DESCRIPTION
Number of Pages xv, 408 p. :
Other physical details ill., maps ;
Dimensions 24 cm.
500 ## - GENERAL NOTE
General note Translation of: L'igname.
650 #0 - SUBJECT ADDED ENTRY--TOPICAL TERM
Topical Term Yams.
700 1# - ADDED ENTRY--PERSONAL NAME
Personal name Coste, René.
942 ## - ADDED ENTRY ELEMENTS (KOHA)
Koha item type ADB
952 ## - LOCATION AND ITEM INFORMATION (KOHA)
Withdrawn status [LOCAL, KOHA] 0
Holdings
Koha item type Source of acquisition Lost status Permanent Location Current Location Date acquired Full call number
សៀវភៅភាសាអង់គ្លេសA37718 Library Block CLibrary Block C2020-01-17641 PUB 1993 C152 Or.
មជ្ឈមណ្ឌលឯការនៃសាកលវិទ្យាល័យភូមិន្ទកសិកម្មចំការដូង

Powered by Koha